Sucheta : (Record no. 129981)

MARC details
000 -LEADER
fixed length control field 00694nam a22002297a 4500
005 - DATE AND TIME OF LATEST TRANSACTION
control field 20170124110105.0
010 ## - LIBRARY OF CONGRESS CONTROL NUMBER
LC control number A-028481
020 ## - INTERNATIONAL STANDARD BOOK NUMBER
Terms of availability 00.00
035 ## - SYSTEM CONTROL NUMBER
System control number A-028481
037 ## - SOURCE OF ACQUISITION
Source of stock number/acquisition Cen Lib/Ret
040 ## - CATALOGING SOURCE
Original cataloging agency DPL
Language of cataloging EN
082 ## - DEWEY DECIMAL CLASSIFICATION NUMBER
Classification number 921
Item number SUC
245 ## - TITLE STATEMENT
Title Sucheta :
Statement of responsibility, etc edited by K. N. Vaswani
Remainder of title an unfinished autobiography /
260 ## - PUBLICATION, DISTRIBUTION, ETC. (IMPRINT)
Place of publication, distribution, etc Ahmedabad
Name of publisher, distributor, etc Navajivan Publishing House
Date of publication, distribution, etc 1978
270 ## - ADDRESS
City Ahmedabad
Postal code 380014
300 ## - PHYSICAL DESCRIPTION
Extent xxxi,265p. :
Dimensions 22cm(Hb)
Other physical details ill.
500 ## - GENERAL NOTE
General note Includes index<br/>
650 ## - SUBJECT ADDED ENTRY--TOPICAL TERM
Topical term or geographic name as entry element Politicians -- India -- Biography
9 (RLIN) 26655
650 ## - SUBJECT ADDED ENTRY--TOPICAL TERM
Topical term or geographic name as entry element Kripalani, Sucheta, -- 1908-1974
9 (RLIN) 27977
700 ## - ADDED ENTRY--PERSONAL NAME
Personal name Vaswani, K. N.
9 (RLIN) 27978
942 ## - ADDED ENTRY ELEMENTS (KOHA)
Source of classification or shelving scheme Dewey Decimal Classification
Koha item type English Books
Classification part 921
Call number suffix SUC
Holdings
Withdrawn status Lost status Damaged status Not for loan Home library Current library Date acquired Source of acquisition Cost, normal purchase price Total Checkouts Full call number Barcode Date last seen Date checked out Copy number Cost, replacement price Price effective from Koha item type
        Central Library Central Library 08/07/2015 Cen Lib/Ret 0.00 1 921 SUC A-028481 20/09/2017 30/06/2017 1 0.00 08/07/2015 English Books

© Delhi Public Library
Hit Counter
free hit counter